| 000 | 00373pab a2200157 454500 | ||
|---|---|---|---|
| 008 | 180718b2014 xxu||||| |||| 00| 0 eng d | ||
| 100 | _aGatade, Subhash | ||
| 245 | _aAn idiot for PM? (Non-)Sense of history in NAMO | ||
| 260 | _c2014 | ||
| 300 | _ap.12-14. | ||
| 362 | _a7 Dec | ||
| 650 | _aPrime Ministers | ||
| 773 | _aMainstream | ||
| 908 | _aN | ||
| 909 | _a105459 | ||
| 999 |
_c105454 _d105454 |
||